Harimau dengan tompoknya

Bibliographic Details
Format: Book
Published: Selangor : Syarikat Damai Bersama , 2006
Series:Koleksi bacaan Rudyard Kipling
Subjects:

MARC

LEADER 00000cam a2200000 7i4500
001 0000000768
005 20151222.0
020 |a 9839447378(set) 
020 |a 9839447386 
090 0 0 |a JF   |b MAL (1015) 
245 1 0 |a Harimau dengan tompoknya 
260 |a Selangor :   |b Syarikat Damai Bersama ,   |c 2006 
440 |a Koleksi bacaan Rudyard Kipling 
500 |a Children ages 7-9 years old (orange) 
650 0 |a Malay language   |x Readers   |x Animals 
999 |a 0000938326   |b Book   |c Children Collection   |e Cawangan Tangkak 
999 |a 0000938327   |b Book   |c Children Collection   |e Cawangan Tangkak 
999 |a 0000938328   |b Book   |c Children Collection   |e Cawangan Tangkak 
999 |a 0000938329   |b Book   |c Children Collection   |e Cawangan Tangkak 
999 |a 0000938330   |b Book   |c Children Collection   |e Cawangan Tangkak 
999 |a 0000956537   |b Book   |c Children Collection   |e Cawangan Kota Tinggi 
999 |a 0000956538   |b Book   |c Children Collection   |e Perbadanan Perpustakaan Awam Johor 
999 |a 0000956539   |b Book   |c Children Collection   |e Cawangan Mersing 
999 |a 0000956540   |b Book   |c Children Collection   |e Perbadanan Perpustakaan Awam Johor 
999 |a 0000956541   |b Book   |c Children Collection   |e Cawangan Sri Merlong